| 000 -LEADER |
| fixed length control field |
01580cam a2200241 i 4500 |
| 001 - CONTROL NUMBER |
| control field |
18526586 |
| 005 - DATE AND TIME OF LATEST TRANSACTION |
| control field |
20221110153747.0 |
| 008 - FIXED-LENGTH DATA ELEMENTS--GENERAL INFORMATION |
| fixed length control field |
150312s2015 nyu b 001 0 eng |
| 020 ## - INTERNATIONAL STANDARD BOOK NUMBER |
| International Standard Book Number |
9780071845069x |
| 041 ## - LANGUAGE CODE |
| Language code of text/sound track or separate title |
eng |
| 080 ## - UNIVERSAL DECIMAL CLASSIFICATION NUMBER |
| Universal Decimal Classification number |
174.2:61 J-76 |
| 100 1# - MAIN ENTRY--PERSONAL NAME |
| Personal name |
Jonsen, Albert R., |
| 9 (RLIN) |
9903 |
| 245 10 - TITLE STATEMENT |
| Title |
Clinical ethics : |
| Remainder of title |
a practical approach to ethical decisions in clinical medicine / |
| Statement of responsibility, etc. |
Albert R. Jonsen, PhD, Professor Emeritus of Ethics in Medicine, University of Washington School of Medicine, Seattle, Washington, Senior Ethics Scholar in Residence, California Pacific Medical Center, San Francisco, California, Mark Siegler, MD, Lindy Bergman Distinguished Service Professor of Medicine and Surgery, Director, MacLean Center for Clinical Medical Ethics, Executive Director, Bucksbaum Institute for Clinical Excellence, University of Chicago, Chicago, Illinois, William J. Winslade, PhD, JD, James Wade Rockwell Professor of Philosophy in Medicine, Institute for the Medical Humanities, Professor of Psychiatry and Preventive Medicine and Community Health, University of Texas Medical Branch, Galveston, Texas. |
| 250 ## - EDITION STATEMENT |
| Edition statement |
Eighth edition. |
| 264 #1 - PRODUCTION, PUBLICATION, DISTRIBUTION, MANUFACTURE, AND COPYRIGHT NOTICE |
| Place of production, publication, distribution, manufacture |
New York : |
| Name of producer, publisher, distributor, manufacturer |
McGraw-Hill Education, |
| Date of production, publication, distribution, manufacture, or copyright notice |
2015. |
| 300 ## - PHYSICAL DESCRIPTION |
| Extent |
244 p. ; |
| Dimensions |
24 cm. |
| 504 ## - BIBLIOGRAPHY, ETC. NOTE |
| Bibliography, etc. note |
Includes bibliographical references and index. |
| 653 ## - INDEX TERM--UNCONTROLLED |
| keyword |
კლინიკური ეთიკა |
| 653 ## - INDEX TERM--UNCONTROLLED |
| keyword |
ბიოეთიკური საკითხები |
| 700 1# - ADDED ENTRY--PERSONAL NAME |
| Personal name |
Siegler, Mark, |
| Dates associated with a name |
|
| Relator term |
ავტორი |
| 9 (RLIN) |
9909 |
| 700 1# - ADDED ENTRY--PERSONAL NAME |
| Personal name |
Winslade, William J., |
| Relator term |
ავტორი |
| 9 (RLIN) |
9910 |
| 942 ## - ADDED ENTRY ELEMENTS (KOHA) |
| Source of classification or shelving scheme |
|
| Koha item type |
წიგნი |